|
|
|
|
| LEADER |
00000csb a2200000 a 4500 |
| 003 |
Ucuenca |
| 005 |
20240105062652.0 |
| 008 |
008010| ||||||||r|||||||||||spa|| |
| 022 |
|
|
|a 1510-3714
|
| 040 |
|
|
|b spa
|
| 041 |
1 |
|
|a spa
|
| 082 |
0 |
|
|a 340.05
|b U48r
|
| 100 |
1 |
|
|a Casal H., Jesús M.
|9 210593
|
| 245 |
|
|
|a Las restricciones al velo islámico: neutralidad estatal y derechos humanos
|c Jesús M. Casal H.
|h imp
|
| 264 |
|
|
|a Montevideo
|b Universidad Católica del Uruguay
|c 2007
|
| 300 |
|
|
|a páginas: 13-33
|c 24 cm
|
| 362 |
|
|
|a no. 2 (2007)
|
| 504 |
|
|
|a incl. ref.
|
| 650 |
1 |
|
|a Velo islamico
|9 109206
|
| 650 |
1 |
0 |
|a Derechos humanos
|9 2189
|
| 650 |
1 |
0 |
|a Revista de derecho
|9 42039
|
| 852 |
|
|
|a UC-CDJBV
|f Donación
|l 1
|m General
|p 20080102
|q 1,00
|r 2
|b 0
|d CDRC
|e CDRC
|g 340.05 U48r TERCER PISO (SECCION REVISTAS)
|z 2008-80-10
|
| 942 |
|
|
|c SERA
|
| 773 |
0 |
|
|0 103968
|9 140468
|a Universidad Católica del Uruguay
|d Montevideo Universidad Católica del Uruguay 2007
|o 120764
|t Revista de derecho
|x 1510-3714
|
| 999 |
|
|
|c 103967
|d 103967
|